Every Slaughter Beach, Dog Song - Statistics

General Stats
  • This quiz has been taken 10 times
  • The average score is 31 of 60
Answer Stats
Answer % Correct
104 Degrees
86%
Acolyte
86%
A Modern Lay
71%
Are You There
71%
At the Moonbase
71%
Black Oak
71%
Building The Ark
71%
Do You Understand (What Has Happened to You)
71%
Float Away
71%
Friend Song
71%
Gold and Green
71%
Heart Attack
71%
My Sister in Jesus Christ
71%
Pretty O.K.
71%
Strange Weather
71%
Summer Windows
71%
Surfin' New Jersey
71%
Your Cat
71%
Anything
57%
Bobcat Club
57%
Easter
57%
Engine
57%
Fell in Love
57%
Glowing
57%
Monsters
57%
My Girl
57%
Notes From a Brief Engagement (at the Boot & Saddle)
57%
Politics Of Grooming
57%
Shapes I Know
57%
Sleepwalking
57%
Tommy
57%
Toronto Mug
57%
Toronto Mug II
57%
Buttercup
43%
Fair Shot
43%
Fish Fry
43%
Good Ones
43%
Henry
43%
I'm In Love
43%
Intersection
43%
Jonathan
43%
Map of the Stars
43%
One Day
43%
One Down
43%
Phoenix
43%
Real Annie
43%
Song for Oscar's
43%
Tangerine
43%
The Dogs
43%
Thinking of You
43%
Bad Beer
29%
Bed Fest
29%
Drinks
29%
Just Like Me
29%
Mallrat Semi-Annual
29%
Van Morrison
29%
Essex Street
14%
Jobs
14%
Petersburg
14%
Forever
0%
No matching quizzes found
Score Distribution
Percent of People with Each Score
Percentile by Number Answered
Your Score History
You have not taken this quiz